LEADER 00977nam a2200241 i 4500 001 000000138629 003 CaOOAMICUS 005 20050506000000.0 008 050506s1973 it u000 u ita u 013 $a112527 040 $aSeMil$bita 100 1 $aValentini, Alvaro.$0(OLS)http://semarc/name/56105 245 10$aPascoli :$btradizione e invenzione nelle Myricae /$cAlvaro Valentini. 260 $aRoma :$bBulzoni,$ccopyr. 1973. 300 $a68 p. ;$c22 cm. 490 0 $aBiblioteca di cultura ;$v39 600 14$aPascoli, Giovanni <1855-1912>.$0(OLS)http://semarc/subject/3013 830 0$aBiblioteca di cultura ;$v39.$0(OLS)http://semarc/title/6149 850 $aSeMil 852 $aSeMil$W1$xVenegono$y1$m1D II 61$j92118$B92118$CSeMilBibl$Z2$F97224 $81 961 $aOmaggio: Poma mons. Gianfranco 996 $6245$aPascoli :$btradizione e invenzione nelle Myricae$9(OLS)http://semarc/title/202652 996 $6260$aRoma :$bBulzoni$9(OLS)http://semarc/publisher/30302 LEADER 00746nam a2200193 i 4500 001 000000014360 003 CaOOAMICUS 005 20210208102056.0 008 180830s2004 it u000 u ita u 040 $aSeMil$bita 245 13$aIl Vicino Oriente Contemporaneo. 260 $aMilano :$bJaca Book,$c2004-2005. 300 $a4 v. ;$c23 cm. 650 4$aMedio Oriente - 1956-2004.$0(OLS)http://semarc/subject/2364 774 0 $aCorm, Georges$tVicino oriente.$kDi fronte e attraverso$z88-16-40651-8$w()143510 830 0$aDi fronte e attraverso.$0(OLS)http://semarc/title/6486 996 $6245$aIl Vicino Oriente Contemporaneo$9(OLS)http://semarc/title/19041 996 $6260$aMilano :$bJaca Book$9(OLS)http://semarc/publisher/29781